KERALA DELICACIES (Record no. 230111)

MARC details
000 -LEADER
fixed length control field 00383pam a2200169 a 4500
020 ## - INTERNATIONAL STANDARD BOOK NUMBER
International Standard Book Number 81-7167-278-7
Terms of availability
041 ## - LANGUAGE CODE
Language code of original
082 ## - DEWEY DECIMAL CLASSIFICATION NUMBER
Classification number 641.5
100 ## - MAIN ENTRY--PERSONAL NAME
Personal name VIJAY G.P.
Relator term Author
245 ## - TITLE STATEMENT
Title KERALA DELICACIES
Statement of responsibility, etc. VIJAY G.P.
Medium Textual Documents
250 ## - EDITION STATEMENT
Edition statement 1st
260 ## - PUBLICATION, DISTRIBUTION, ETC.
Place of publication, distribution, etc. Bombay
Name of publisher, distributor, etc. Rupa & Co
300 ## - PHYSICAL DESCRIPTION
Extent 131
653 ## - INDEX TERM--UNCONTROLLED
Uncontrolled term food Producation
700 ## - ADDED ENTRY--PERSONAL NAME
Relator term Co-Author
930 ## - EQUIVALENCE OR CROSS-REFERENCE-UNIFORM TITLE HEADING [LOCAL, CANADA]
Uniform title 2712
Holdings
Withdrawn status Lost status Damaged status Not for loan Collection Home library Current library Date acquired Source of acquisition Cost, normal purchase price Total Checkouts Full call number Barcode Date last seen Copy number Price effective from Koha item type
          Institute of Hotel Management & Catering Technology, Pune Institute of Hotel Management & Catering Technology, Pune 24/09/1998 BOOK Space,Pune 145.00   641.5 HMP-D-119 07/03/2023 1 07/03/2023 Book